[Event "2nd League CS-East 2009"]
[Site "Golubac"]
[Date "2009.10.09"]
[Round "7.1"]
[White "Pavlovic, Dean"]
[Black "Djukic, Zeljko"]
[Result "1/2-1/2"]
[WhiteElo "2297"]
[BlackElo "2378"]
[PlyCount "47"]
[EventDate "2009.09.06"]

1. c4 Nf6 2. g3 c6 3. b3 d5 4. Bb2 Bf5 5. d3 e6 6. Nf3 Bc5 7. e3 a5 8. Nc3 O-O
9. Nh4 d4 10. exd4 Bxd4 11. Nxf5 exf5 12. Be2 Nbd7 13. O-O Nc5 14. Qc2 Re8 15.
Rad1 Re6 16. Ba3 Rd6 17. Rfe1 Rd7 18. Kg2 Ne6 19. h3 Qc7 20. Bf3 Rad8 21. Ne2
Be5 22. Bc1 h6 23. d4 Bxd4 24. Qxf5 1/2-1/2

[Event "2nd League CS-East 2009"]
[Site "Golubac"]
[Date "2009.10.09"]
[Round "7.1"]
[White "Mitrovic, Darko R"]
[Black "Panic, Milan"]
[Result "1-0"]
[WhiteElo "2343"]
[BlackElo "2225"]
[PlyCount "51"]
[EventDate "2009.09.06"]

1. e4 e5 2. Nf3 Nc6 3. Bb5 a6 4. Ba4 Nf6 5. O-O Be7 6. Re1 b5 7. Bb3 O-O 8. h3
Bb7 9. d3 d5 10. exd5 Nxd5 11. Nxe5 Nd4 12. Nc3 Nxc3 13. bxc3 Nxb3 14. axb3 Bf6
15. Bf4 Qd5 16. Qg4 h5 17. Qg3 Bh4 18. Qf3 Qxf3 19. Nxf3 Bxf3 20. gxf3 c5 21.
c4 Rfe8 22. Rxe8+ Rxe8 23. Be3 Re6 24. Bxc5 bxc4 25. bxc4 Rf6 26. Kf1 1-0

[Event "2nd League CS-East 2009"]
[Site "Golubac"]
[Date "2009.10.09"]
[Round "7.1"]
[White "Kalcic, Krsta"]
[Black "Kostic, Nebojsa"]
[Result "1-0"]
[WhiteElo "2196"]
[BlackElo "2327"]
[PlyCount "55"]
[EventDate "2009.09.06"]

1. e4 d6 2. d4 Nf6 3. Nc3 c6 4. a4 Qa5 5. Bd3 e5 6. Nge2 Be7 7. O-O O-O 8. Kh1
Re8 9. Rb1 Qc7 10. b4 b6 11. d5 Bb7 12. Ng3 g6 13. dxc6 Bxc6 14. Nb5 Bxb5 15.
axb5 Qb7 16. c4 a5 17. bxa6 Nxa6 18. f4 exf4 19. Bxf4 Nd7 20. e5 dxe5 21. Be4
Qc7 22. Bxa8 exf4 23. Bd5 Nxb4 24. Ne4 Nxd5 25. cxd5 Bd8 26. Qa4 f5 27. d6 Qb8
28. Qxd7 1-0

[Event "2nd League CS-East 2009"]
[Site "Golubac"]
[Date "2009.10.09"]
[Round "7.1"]
[White "Terzic, Goran"]
[Black "Rajkovic, Branislav"]
[Result "1-0"]
[WhiteElo "2292"]
[BlackElo "2177"]
[PlyCount "47"]
[EventDate "2009.09.06"]

1. e4 c5 2. d3 e6 3. g3 d5 4. Nd2 Nf6 5. Bg2 Nc6 6. Ngf3 Be7 7. O-O O-O 8. Re1
Qc7 9. c3 b6 10. Qe2 Ba6 11. e5 Nd7 12. Nf1 Rae8 13. Bf4 b5 14. h4 Qb6 15. N1h2
d4 16. Ng5 h6 17. Qh5 Bxg5 18. hxg5 hxg5 19. Be4 f5 20. Nf3 Ncxe5 21. Bxe5 Nxe5
22. Nxg5 Rf7 23. Bxf5 Nf3+ 24. Qxf3 1-0

[Event "2nd League CS-East 2009"]
[Site "Golubac"]
[Date "2009.10.09"]
[Round "7.1"]
[White "Kolbert, Engelbert"]
[Black "Stankovic, Dejan"]
[Result "1/2-1/2"]
[WhiteElo "2153"]
[BlackElo "2253"]
[PlyCount "47"]
[EventDate "2009.09.06"]

1. Nf3 d5 2. g3 Nf6 3. Bg2 c6 4. b3 Bg4 5. Bb2 Nbd7 6. d3 e6 7. Nbd2 Bc5 8. O-O
O-O 9. h3 Bh5 10. e4 dxe4 11. dxe4 Bxf3 12. Qxf3 e5 13. Nc4 Qe7 14. Rfd1 g6 15.
Rd3 b5 16. Ne3 Rfd8 17. Rad1 h5 18. g4 Bxe3 19. Qxe3 hxg4 20. hxg4 Nxg4 21. Qd2
Qh4 22. Rh3 Qe7 23. Rd3 Qh4 24. Rh3 1/2-1/2

[Event "2nd League CS-East 2009"]
[Site "Golubac"]
[Date "2009.10.09"]
[Round "7.1"]
[White "Keca, Dragomir"]
[Black "Stojanovic, Dusan"]
[Result "1/2-1/2"]
[WhiteElo "2184"]
[BlackElo "2163"]
[PlyCount "61"]
[EventDate "2009.09.06"]

1. Nf3 Nf6 2. c4 g6 3. Nc3 Bg7 4. e4 d6 5. d4 O-O 6. Be2 Nc6 7. d5 Nb8 8. O-O
e5 9. Ne1 Ne8 10. Nd3 f5 11. f3 f4 12. c5 Rf7 13. cxd6 cxd6 14. Bd2 Bf8 15. Rc1
g5 16. a4 h5 17. h3 Rg7 18. Nf2 Nf6 19. Nb5 g4 20. fxg4 hxg4 21. hxg4 Na6 22.
b4 Bd7 23. Rc2 Be7 24. Be1 Ne8 25. Nd3 Bh4 26. Bxh4 Qxh4 27. Qe1 Qh6 28. Nf2
Rh7 29. Nh3 Qg6 30. Nf2 Qh6 31. Nh3 1/2-1/2

[Event "2nd League CS-East 2009"]
[Site "Golubac"]
[Date "2009.10.09"]
[Round "7.2"]
[White "Zlatanovic, Zoran"]
[Black "Markovic, Marko"]
[Result "0-1"]
[WhiteElo "2152"]
[BlackElo "2312"]
[PlyCount "97"]
[EventDate "2009.09.06"]

1. e4 Nc6 2. d4 e5 3. d5 Nce7 4. h4 h5 5. Nc3 Ng6 6. g3 N6e7 7. Nf3 d6 8. Ng5
g6 9. Bb5+ Bd7 10. Qf3 f6 11. Ne6 Qc8 12. Bg5 c6 13. dxc6 bxc6 14. Bxf6 Nxf6
15. Qxf6 Bxe6 16. Qxh8 cxb5 17. Qf6 Ng8 18. Qf3 b4 19. Nd5 Bxd5 20. exd5 Qf5
21. Qe2 Nf6 22. f4 Qe4 23. Qxe4 Nxe4 24. fxe5 dxe5 25. Rh2 Bd6 26. Rg2 Nf6 27.
O-O-O Ng4 28. Re2 Rc8 29. Rd3 Rc4 30. b3 Rc7 31. Kb2 a5 32. c3 Rf7 33. cxb4
axb4 34. a4 bxa3+ 35. Ka2 Rf2 36. Rxf2 Nxf2 37. Rf3 Ng4 38. Rc3 e4 39. Rc4 e3
40. Re4+ Kd7 41. b4 Nf6 42. Rxe3 Nxd5 43. Rf3 Bxb4 44. Kb3 Bd6 45. Rf2 Ke6 46.
Kc4 Ne7 47. Rg2 Nf5 48. Re2+ Be5 49. Kb3 0-1

[Event "2nd League CS-East 2009"]
[Site "Golubac"]
[Date "2009.10.09"]
[Round "7.2"]
[White "Jovic, Stanoje"]
[Black "Colic, Ninoslav"]
[Result "1-0"]
[WhiteElo "2294"]
[BlackElo "2273"]
[PlyCount "113"]
[EventDate "2009.09.06"]

1. c4 f5 2. b4 Nf6 3. Bb2 g6 4. Bxf6 exf6 5. Qb3 Qe7 6. a3 d6 7. Nc3 c6 8. g3
Na6 9. Bg2 Bg7 10. h4 h5 11. Nh3 Bh6 12. Nf4 Qf7 13. d4 Bxf4 14. gxf4 Nc7 15.
d5 Bd7 16. Rd1 Rd8 17. dxc6 Bxc6 18. Bd5 Bxd5 19. Nxd5 Nxd5 20. Rxd5 O-O 21.
Rg1 Kh7 22. Qd3 Qe7 23. Rg3 Qe4 24. Qxe4 fxe4 25. f5 gxf5 26. Rxf5 Kh6 27. Kd2
Rde8 28. Rd5 Re6 29. Kc3 Rc8 30. Kd4 b6 31. Rf5 a6 32. a4 Rce8 33. Kd5 a5 34.
bxa5 Re5+ 35. Rxe5 Rxe5+ 36. Kxd6 Rxa5 37. Rb3 Rxa4 38. Kd5 Ra2 39. Rxb6 Kg6
40. Kxe4 Rxe2+ 41. Kf3 Rc2 42. Rb4 Kf5 43. Rb5+ Ke6 44. Rc5 Rc3+ 45. Ke4 Kd6
46. Rd5+ Ke6 47. Kd4 Rf3 48. Rxh5 Rxf2 49. Rh8 Rd2+ 50. Ke3 Rc2 51. Kd3 Rc1 52.
h5 Ke5 53. h6 Rd1+ 54. Ke3 Re1+ 55. Kf2 Rc1 56. h7 Kf5 57. Rc8 1-0

[Event "2nd League CS-East 2009"]
[Site "Golubac"]
[Date "2009.10.09"]
[Round "7.2"]
[White "Krstic, Ranko"]
[Black "Tosic, Branislav"]
[Result "1/2-1/2"]
[WhiteElo "2169"]
[BlackElo "2192"]
[PlyCount "22"]
[EventDate "2009.09.06"]

1. d4 Nf6 2. c4 e6 3. Nf3 c5 4. d5 exd5 5. cxd5 Bd6 6. g3 Bc7 7. Bg2 d6 8. O-O
O-O 9. h3 Re8 10. Nc3 a6 11. a4 Nbd7 1/2-1/2

[Event "2nd League CS-East 2009"]
[Site "Golubac"]
[Date "2009.10.09"]
[Round "7.3"]
[White "Radosavljevic, Slobodan D"]
[Black "Milovanovic, Srboljub"]
[Result "1-0"]
[WhiteElo "2248"]
[BlackElo "2226"]
[PlyCount "49"]
[EventDate "2009.09.06"]

1. c4 e5 2. g3 Nf6 3. Bg2 Nc6 4. Nf3 Bc5 5. O-O O-O 6. Nxe5 Nxe5 7. d4 Bxd4 8.
Qxd4 d6 9. b3 Nc6 10. Qd2 Be6 11. Nc3 Qd7 12. Nd5 Ne8 13. Bb2 Bh3 14. Bxg7 Kxg7
15. Qg5+ Kh8 16. Qh6 Rg8 17. Bxh3 f5 18. e4 Nd4 19. Rad1 c5 20. exf5 Nxf5 21.
Bxf5 Qxf5 22. Ne7 Qf3 23. Nxg8 Kxg8 24. Rd5 Nf6 25. Rg5+ 1-0

[Event "2nd League CS-East 2009"]
[Site "Golubac"]
[Date "2009.10.09"]
[Round "7.3"]
[White "Petrovic, Dragan R"]
[Black "Cvetanovic, Uros"]
[Result "0-1"]
[WhiteElo "2215"]
[BlackElo "2164"]
[PlyCount "69"]
[EventDate "2009.09.06"]

1. Nf3 Nf6 2. d4 e6 3. g3 b6 4. Bg2 Bb7 5. O-O Be7 6. c4 O-O 7. d5 exd5 8. Nh4
c6 9. cxd5 Nxd5 10. Nf5 Nc7 11. e4 d5 12. Qg4 Bf6 13. Nc3 Bc8 14. exd5 cxd5 15.
Rd1 Bxc3 16. bxc3 Qf6 17. Qf4 Bxf5 18. Qxc7 Na6 19. Qf4 Rad8 20. g4 Be6 21.
Qxf6 gxf6 22. h3 Rc8 23. f4 f5 24. gxf5 Bd7 25. Rd3 Nc5 26. Rg3+ Kh8 27. Be3
Bxf5 28. Bd4+ f6 29. Bxd5 h6 30. Re1 Rcd8 31. c4 Nd3 32. Rf1 Nb4 33. Rd1 Rd7
34. Kh2 Kh7 35. Rdg1 0-1

[Event "2nd League CS-East 2009"]
[Site "Golubac"]
[Date "2009.10.09"]
[Round "7.3"]
[White "Popovic, Djordje D"]
[Black "Zivkovic, Nemanja"]
[Result "0-1"]
[WhiteElo "2308"]
[BlackElo "2109"]
[PlyCount "97"]
[EventDate "2009.09.06"]

1. d4 Nf6 2. c4 c6 3. Nc3 d5 4. Nf3 e6 5. e3 Nbd7 6. Qc2 dxc4 7. Bxc4 b5 8. Be2
Bd6 9. O-O Bb7 10. e4 e5 11. Bg5 Qe7 12. Rfe1 h6 13. Bh4 O-O 14. Bf1 Rac8 15.
Rad1 Rfe8 16. Qc1 Bb8 17. dxe5 Nxe5 18. Nd4 Rcd8 19. Nf5 Qe6 20. Rxd8 Rxd8 21.
Rd1 Rxd1 22. Qxd1 Bc7 23. f3 a6 24. a3 Ned7 25. Bf2 c5 26. Qd2 Ne8 27. Nd5 Bxd5
28. Qxd5 Qxd5 29. Ne7+ Kf8 30. Nxd5 Be5 31. b3 Nc7 32. Nxc7 Bxc7 33. a4 c4 34.
axb5 c3 35. Bd3 axb5 36. Kf1 b4 37. Bb5 Ke7 38. Ke2 Bd6 39. g3 g5 40. Be3 f6
41. Bxd7 Kxd7 42. f4 gxf4 43. gxf4 Ke6 44. Kd3 f5 45. e5 Bf8 46. Kc4 Be7 47.
Kd3 Kd5 48. Bb6 Bc5 49. Bc7 0-1

[Event "2nd League CS-East 2009"]
[Site "Golubac"]
[Date "2009.10.09"]
[Round "7.3"]
[White "Trickovic, Vladimir"]
[Black "Illijin, Neboisa"]
[Result "0-1"]
[WhiteElo "2065"]
[BlackElo "2228"]
[PlyCount "62"]
[EventDate "2009.09.06"]

1. d4 Nf6 2. Nf3 e6 3. Bg5 h6 4. Bh4 c5 5. e3 b6 6. Nbd2 Bb7 7. c3 Be7 8. Bd3
Nc6 9. O-O d5 10. Rc1 Rc8 11. Bg3 Nh5 12. Ne5 Nxg3 13. Nxc6 Bxc6 14. hxg3 O-O
15. Qh5 Bd6 16. f4 Qe8 17. Nf3 Bb5 18. Bxb5 Qxb5 19. g4 Qd3 20. Rce1 cxd4 21.
Nxd4 Rce8 22. f5 Bg3 23. g5 Bxe1 24. Qh3 Bd2 25. Rf3 hxg5 26. fxe6 fxe6 27.
Rxf8+ Rxf8 28. Qxe6+ Kh8 29. Qh3+ Qh7 30. Qe6 Qe4 31. Qh3+ Kg8 0-1

[Event "2nd League CS-East 2009"]
[Site "Golubac"]
[Date "2009.10.09"]
[Round "7.3"]
[White "Stojkovic, Zoran"]
[Black "Djordjevic, Zoran V"]
[Result "1-0"]
[WhiteElo "2083"]
[BlackElo "2066"]
[PlyCount "71"]
[EventDate "2009.09.06"]

1. e4 c5 2. Nf3 e6 3. c3 Nf6 4. e5 Nd5 5. d4 cxd4 6. cxd4 b6 7. a3 Qc7 8. b4 d6
9. Bb2 Nd7 10. Nbd2 Bb7 11. Rc1 Qd8 12. g3 Be7 13. Bd3 a6 14. Qe2 b5 15. O-O
N7b6 16. Nb3 Rc8 17. Na5 Ba8 18. Rxc8 Qxc8 19. Rc1 Qd7 20. exd6 Qxd6 21. Ne5
O-O 22. h4 Bf6 23. Nac6 g6 24. h5 Ne7 25. Ng4 Bg7 26. h6 Bh8 27. Qf3 f5 28.
Nge5 Nxc6 29. Nxc6 Nd5 30. Na7 Nxb4 31. Qe3 Nxd3 32. Qxd3 Qd7 33. Qe3 Bd5 34.
Qf4 Qxa7 35. Qd6 Bf6 36. Rc7 1-0

[Event "2nd League CS-East 2009"]
[Site "Golubac"]
[Date "2009.10.09"]
[Round "7.4"]
[White "Nikolic, Stanimir"]
[Black "Dimitrijevic, Srdjan"]
[Result "1/2-1/2"]
[WhiteElo "2292"]
[BlackElo "2290"]
[PlyCount "117"]
[EventDate "2009.09.06"]

1. d4 g6 2. Nf3 Bg7 3. g3 d6 4. Bg2 Nd7 5. O-O e5 6. Nc3 Ne7 7. Re1 O-O 8. e4
h6 9. Be3 Kh7 10. Qd2 Nc6 11. Rad1 Nb6 12. b3 Bg4 13. d5 Ne7 14. h3 Bc8 15. Nh2
Nd7 16. Ne2 f5 17. c4 fxe4 18. Bxe4 Nf6 19. Bg2 Nf5 20. Nc3 Nxe3 21. Qxe3 h5
22. Nf3 Bh6 23. Ng5+ Kg7 24. f4 Re8 25. Qf2 Rf8 26. Qd2 Bf5 27. Re2 Bxg5 28.
fxg5 Nh7 29. h4 Bg4 30. c5 Qe7 31. c6 b6 32. Rde1 Bxe2 33. Qxe2 Rf5 34. Bh3 Qf7
35. Bxf5 gxf5 36. Rf1 a5 37. Qd3 Rf8 38. Nd1 Qg6 39. Ne3 f4 40. Qxg6+ Kxg6 41.
gxf4 exf4 42. Nc2 Rf5 43. Rd1 Nf8 44. Kf2 Kf7 45. Ne1 Ng6 46. Nf3 Ne7 47. Rc1
Rxd5 48. Rc4 Ng6 49. a3 Rd3 50. Nd4 d5 51. Ra4 Rc3 52. Ne2 Rxc6 53. Nxf4 Nxf4
54. Rxf4+ Kg7 55. b4 axb4 56. axb4 Rc3 57. Rd4 Rc2+ 58. Kf3 Rc3+ 59. Kf2
1/2-1/2

[Event "2nd League CS-East 2009"]
[Site "Golubac"]
[Date "2009.10.09"]
[Round "7.4"]
[White "Stankovic, Ivan G"]
[Black "Peric, Slavisa"]
[Result "1/2-1/2"]
[WhiteElo "2121"]
[BlackElo "2280"]
[Annotator "Milojevic,Boban"]
[PlyCount "37"]
[EventDate "2009.09.06"]

1. e4 e6 2. d3 d5 3. Qe2 dxe4 4. dxe4 b6 5. Nf3 Ba6 6. c4 Bb7 7. Nc3 Nf6 8. Bg5
Be7 9. Rd1 Qc8 10. e5 Nfd7 11. Bxe7 Kxe7 12. Qe3 h6 13. h4 Nc6 $11 14. Rh3 Nc5
15. Nd4 Rd8 16. a3 Rxd4 17. Rxd4 Nxd4 18. Qxd4 Qd7 19. Qxd7+ 1/2-1/2

[Event "2nd League CS-East 2009"]
[Site "Golubac"]
[Date "2009.10.09"]
[Round "7.4"]
[White "Tosic, Nebojsa"]
[Black "Savic, Goran Lj"]
[Result "0-1"]
[WhiteElo "2194"]
[BlackElo "2153"]
[PlyCount "60"]
[EventDate "2009.09.06"]

1. e4 e6 2. d4 d5 3. Nd2 Nf6 4. e5 Nfd7 5. Bd3 c5 6. c3 Nc6 7. Ne2 cxd4 8. cxd4
f6 9. f4 fxe5 10. fxe5 Nxd4 11. O-O Qb6 12. Kh1 Nxe5 13. Bb1 Bd7 14. Nf4 O-O-O
15. Nb3 Ndc6 16. Qe2 Re8 17. Be3 Qc7 18. Nd2 Bd6 19. Bc2 Ng6 20. Nxg6 hxg6 21.
h3 Ref8 22. Bxg6 Bf4 23. Rac1 Kb8 24. b4 a6 25. a4 Bxe3 26. Qxe3 Qd6 27. b5 Ne5
28. Bd3 Rxf1+ 29. Bxf1 Ng4 30. Qg1 Qg3 0-1

[Event "2nd League CS-East 2009"]
[Site "Golubac"]
[Date "2009.10.09"]
[Round "7.4"]
[White "Lepojevic, Nebojsa"]
[Black "Arsenijevic, Ivan"]
[Result "1/2-1/2"]
[WhiteElo "2065"]
[BlackElo "2120"]
[PlyCount "58"]
[EventDate "2009.09.06"]

1. Nf3 d5 2. e3 Nf6 3. c4 c6 4. b3 Bg4 5. Bb2 e6 6. Be2 Nbd7 7. O-O Bd6 8. d3
O-O 9. Nbd2 Qe7 10. Re1 e5 11. Nf1 Rad8 12. N3d2 Bf5 13. cxd5 cxd5 14. Ng3 Bg6
15. a3 Rc8 16. Nf3 Rc7 17. Nh4 Qe6 18. Nxg6 hxg6 19. d4 e4 20. Qd2 Rfc8 21.
Rec1 Qe7 22. Rxc7 Rxc7 23. Rc1 Qd8 24. Rxc7 Qxc7 25. Qc1 Qxc1+ 26. Bxc1 Nb8 27.
f3 a6 28. Kf2 Kf8 29. Bd1 Nc6 1/2-1/2

[Event "2nd League CS-East 2009"]
[Site "Golubac"]
[Date "2009.10.09"]
[Round "7.4"]
[White "Mickovic, Slavisa"]
[Black "Petrovic, Grade"]
[Result "1/2-1/2"]
[WhiteElo "2101"]
[BlackElo "2139"]
[PlyCount "136"]
[EventDate "2009.09.06"]

1. d4 d5 2. c4 c6 3. Nc3 Nf6 4. cxd5 cxd5 5. Bf4 Nc6 6. e3 a6 7. a3 e6 8. Nf3
Bd6 9. Bxd6 Qxd6 10. Be2 O-O 11. O-O b5 12. Nd2 e5 13. Nb3 exd4 14. Nxd4 Ne5
15. Nf3 Bg4 16. Nxe5 Bxe2 17. Nxf7 Bxd1 18. Nxd6 Bg4 19. Nb7 Rfb8 20. Nc5 b4
21. axb4 Rxb4 22. b3 Rc8 23. N3a4 Be2 24. Rfc1 Bb5 25. h3 Bxa4 26. Rxa4 Rxa4
27. bxa4 Ne4 28. Nd3 Rc4 29. Ra1 a5 30. Ne5 Rc2 31. Rb1 Kf8 32. Rb5 Rc1+ 33.
Kh2 Nxf2 34. Rxd5 Nd1 35. Ng4 g6 36. Rxa5 h5 37. Ne5 Nxe3 38. h4 Kg7 39. Ra6
Ng4+ 40. Nxg4 hxg4 41. Kg3 Rc2 42. a5 Rc4 43. Ra7+ Kh6 44. Ra8 Ra4 45. Ra7 g5
46. a6 Ra3+ 47. Kxg4 Ra4+ 48. Kf5 gxh4 49. Ra8 Kg7 50. Ra7+ Kh6 51. Kf6 Rf4+
52. Ke5 Ra4 53. Ra8 Kg7 54. Kf5 Ra2 55. Kg4 Rxg2+ 56. Kxh4 Kh7 57. Kh5 Rh2+ 58.
Kg5 Rg2+ 59. Kf5 Re2 60. Ra7+ Kh6 61. Rf7 Ra2 62. Rf6+ Kg7 63. Rd6 Kf7 64. Ke5
Ke7 65. Rh6 Kd7 66. Kd5 Kc7 67. Kc5 Ra5+ 68. Kb4 Rg5 1/2-1/2

[Event "2nd League CS-East 2009"]
[Site "Golubac"]
[Date "2009.10.09"]
[Round "7.5"]
[White "Trailovic, Mile"]
[Black "Stojanovic, Zlatko"]
[Result "1/2-1/2"]
[WhiteElo "2154"]
[BlackElo "2231"]
[PlyCount "134"]
[EventDate "2009.09.06"]

1. e4 e6 2. Nc3 d5 3. d3 Nf6 4. Bd2 Nc6 5. h3 a6 6. g3 dxe4 7. dxe4 e5 8. Bg2
Be6 9. Nf3 h6 10. O-O Qd7 11. Kh2 Bc5 12. Qe2 Rd8 13. Be3 Qe7 14. Nd5 Nxd5 15.
exd5 Bxd5 16. Bxc5 Qxc5 17. Nxe5 O-O 18. Nd3 Qc4 19. b3 Qc3 20. Bxd5 Rxd5 21.
Rac1 Rfd8 22. Kg2 Nd4 23. Qe4 Ne6 24. h4 c6 25. Rfe1 Ra5 26. Ne5 Re8 27. Re3
Qd4 28. Nc4 Qxe4+ 29. Rxe4 Rxa2 30. Ne3 Rd8 31. f4 Rd2+ 32. Kh3 Ra5 33. Nc4
Rad5 34. Nxd2 Rxd2 35. b4 h5 36. g4 hxg4+ 37. Kxg4 Nd4 38. Re8+ Kh7 39. c3 f5+
40. Kh3 Ne2 41. Rf1 Nxc3 42. Re7 Rd3+ 43. Kh2 Rd2+ 44. Kh1 Ne4 45. Rf3 Nf2+ 46.
Kg1 Ng4 47. Rxb7 Rd1+ 48. Kg2 Rd2+ 49. Kg3 Nf6 50. Ra3 Rd4 51. Rxa6 Nh5+ 52.
Kh2 Rxf4 53. Rxc6 Rxh4+ 54. Kg1 Re4 55. b5 f4 56. b6 Rb4 57. Rf7 Rb5 58. b7 Ng3
59. Kg2 Rb2+ 60. Kf3 Rb3+ 61. Kxf4 Ne2+ 62. Ke5 Rb5+ 63. Kd6 Nd4 64. Rcc7 Kh6
65. Rxg7 Nf5+ 66. Kc6 Nd4+ 67. Kd6 Nf5+ 1/2-1/2

[Event "2nd League CS-East 2009"]
[Site "Golubac"]
[Date "2009.10.09"]
[Round "7.5"]
[White "Nikolic, Zoran S"]
[Black "Dodic, Dragan"]
[Result "1/2-1/2"]
[WhiteElo "2254"]
[BlackElo "2147"]
[PlyCount "80"]
[EventDate "2009.09.06"]

1. d4 d5 2. c4 c6 3. Nc3 Nf6 4. Nf3 e6 5. Bg5 Nbd7 6. e3 Be7 7. Bd3 dxc4 8.
Bxc4 b5 9. Bd3 a6 10. a4 Bb7 11. O-O O-O 12. e4 b4 13. e5 bxc3 14. exf6 Nxf6
15. bxc3 c5 16. Bxf6 Bxf6 17. Bxh7+ Kh8 18. Bd3 cxd4 19. cxd4 g6 20. Rb1 Ra7
21. Re1 Bxf3 22. Qxf3 Bxd4 23. h4 Qf6 24. Qxf6+ Bxf6 25. g3 Rd8 26. Red1 Rad7
27. Be2 a5 28. Rxd7 Rxd7 29. Rd1 Rc7 30. Rd2 Kg7 31. Kg2 Bc3 32. Rc2 f5 33. f4
Kf6 34. Kf3 Rc5 35. Bb5 Bd4 36. Rxc5 Bxc5 37. Be8 Bb4 38. Bb5 Kf7 39. Bc6 Ke7
40. Bb5 Kf6 1/2-1/2

[Event "2nd League CS-East 2009"]
[Site "Golubac"]
[Date "2009.10.09"]
[Round "7.5"]
[White "Dragic, Vladimir"]
[Black "Batanjac, Aleksandar"]
[Result "1/2-1/2"]
[WhiteElo "2205"]
[BlackElo "2147"]
[PlyCount "27"]
[EventDate "2009.09.06"]

1. d4 e6 2. Nf3 c5 3. e3 cxd4 4. exd4 d5 5. Bd3 Nf6 6. O-O Bd6 7. Re1 O-O 8.
Nbd2 b6 9. Ne5 Ba6 10. Bxa6 Nxa6 11. c3 Qc7 12. Nf1 Nd7 13. Nxd7 Qxd7 14. Ng3
1/2-1/2

[Event "2nd League CS-East 2009"]
[Site "Golubac"]
[Date "2009.10.09"]
[Round "7.5"]
[White "Marinkovic, Vojkan"]
[Black "Floricelovic, Milos"]
[Result "0-1"]
[WhiteElo "2041"]
[BlackElo "2104"]
[PlyCount "90"]
[EventDate "2009.09.06"]

1. e4 c5 2. Nf3 e6 3. d4 cxd4 4. Nxd4 a6 5. Be2 Qc7 6. O-O Nf6 7. f3 Bc5 8. Kh1
b5 9. Be3 Bb7 10. c3 d5 11. exd5 Nxd5 12. Bf2 h5 13. Nd2 Bd6 14. h3 Nd7 15. Ne4
Bf4 16. Nb3 Rd8 17. Qe1 Ba8 18. Nec5 Nxc5 19. Bxc5 Bg3 20. Qc1 Nf4 21. Qe3 Rd7
22. Rad1 Bd5 23. Bb6 Qb8 24. Bc5 Nxe2 25. Rxd5 Rxd5 26. Qxe2 Be5 27. Bd4 O-O
28. Qe4 Qd8 29. Nc1 Qg5 30. Ne2 Qf5 31. Qh4 Qd3 32. Re1 Qd2 33. Bf2 Qxb2 34.
Bg3 Bxg3 35. Nxg3 Rfd8 36. Ne4 Rd1 37. Rxd1 Rxd1+ 38. Kh2 Qc1 39. Qxh5 Qf4+ 40.
Ng3 Rd5 41. Qg4 Qxg4 42. hxg4 Rd2 43. Ne4 Rxa2 44. Kg3 a5 45. Nd6 Rb2 0-1

[Event "2nd League CS-East 2009"]
[Site "Golubac"]
[Date "2009.10.09"]
[Round "7.6"]
[White "Raicevic, Ivica"]
[Black "Biljanic, Ljubomir"]
[Result "1/2-1/2"]
[WhiteElo "2315"]
[BlackElo "2312"]
[PlyCount "22"]
[EventDate "2009.09.06"]

1. c4 e5 2. Nc3 Nf6 3. Nf3 d6 4. g3 g6 5. Bg2 Bg7 6. O-O Nc6 7. d3 O-O 8. Rb1
h6 9. b4 Nd7 10. b5 Ne7 11. a4 f5 1/2-1/2

[Event "2nd League CS-East 2009"]
[Site "Golubac"]
[Date "2009.10.09"]
[Round "7.6"]
[White "Maksimovic, Boban"]
[Black "Bradic, Rade"]
[Result "0-1"]
[WhiteElo "2204"]
[BlackElo "1942"]
[PlyCount "104"]
[EventDate "2009.09.06"]

1. c4 Nf6 2. Nc3 g6 3. g3 Bg7 4. Bg2 d6 5. d4 O-O 6. e4 e5 7. dxe5 dxe5 8. Bg5
c6 9. Qxd8 Rxd8 10. Nf3 Na6 11. O-O h6 12. Be3 Ng4 13. Bd2 Be6 14. b3 Nc5 15.
Rad1 Nd3 16. h3 Nf6 17. Be3 b6 18. Rd2 Rd7 19. Rfd1 Rad8 20. Bf1 Nc5 21. Bxc5
Rxd2 22. Rxd2 Rxd2 23. Nxd2 bxc5 24. Nf3 Nd7 25. Ne1 Kf8 26. Nd3 Ke7 27. f3 Kd6
28. Kf2 Bf6 29. Ke3 Bd8 30. Nf2 f6 31. h4 Ba5 32. Kd3 Nf8 33. Ncd1 Bd7 34. Ne3
h5 35. a3 Ne6 36. Nc2 Bd8 37. Bh3 Nd4 38. Bxd7 Kxd7 39. Nxd4 cxd4 40. c5 Ke6
41. g4 Be7 42. b4 a5 43. Kc4 axb4 44. Kxb4 f5 45. a4 fxg4 46. fxg4 hxg4 47.
Nxg4 Bxh4 48. a5 Be1+ 49. Ka4 Kd7 50. Nxe5+ Kc7 51. Nf3 d3 52. e5 d2 0-1